Statistics for Directors by Picture #5

Click here to take the quiz!

General Stats

  • This quiz has been taken 42 times
  • The average score is 7 of 16

Answer Stats

Answer% Correct
Tim Burton
74%
Bong Joon-ho
71%
Alejandro González Iñárritu
68%
Ethan Coen
63%
Michael Moore
63%
Richard Attenborough
58%
Paul Thomas Anderson
53%
Sam Raimi
45%
Zach Snyder
45%
Judd Apatow
39%
Joe Russo
37%
John Ford
24%
Gus Van Sant
18%
Patty Jenkins
18%
Cecil B. DeMille
11%
Barry Levinson
5%

Score Distribution

Percentile by Number Answered

Percent of People with Each Score

Your Score History

You have not taken this quiz